[Event "FSIM November"]
[Site "Budapest HUN"]
[Date "1999.11.16"]
[Round "11"]
[White "Antal,Ge"]
[Black "Toth,An"]
[Result "1-0"]
[WhiteElo "2308"]
[BlackElo "2297"]

1.e4 c5 2.Nf3 e6 3.d4 cxd4 4.Nxd4 a6 5.Nc3 b5 6.Bd3 Bb7 7.O-O Qb6 8.Nb3 Qc7
9.Qe2 d6 10.f4 Nd7 11.Bd2 Ngf6 12.Rae1 Nc5 13.Nxc5 dxc5 14.e5 c4 15.exf6 cxd3
16.cxd3 Bc5+ 17.Kh1 gxf6 18.Ne4 f5 19.Rc1 fxe4 20.d4 Rc8 21.Rxc5 Qd7 22.Rxc8+ Qxc8
23.Rc1 Qd7 24.Qe3 Rg8 25.Bb4 h5 26.f5 a5 27.Bxa5 Qd5 28.Rc7 b4 29.Bxb4 Qb5
30.a3 h4 31.Qc1  1-0

[Event "World Seniors"]
[Site "Gladenbach GER"]
[Date "1999.11.19"]
[Round "10"]
[White "Katalymov,B"]
[Black "Fronczek,H"]
[Result "1-0"]
[WhiteElo "2392"]
[BlackElo "2304"]

1.e4 c5 2.Nf3 e6 3.Nc3 a6 4.d4 cxd4 5.Nxd4 b5 6.Bd3 Bb7 7.O-O Bc5 8.Nb3 Bb6
9.a4 b4 10.a5 Ba7 11.Na4 d6 12.Qe1 Nc6 13.Bd2 Nf6 14.Bxb4 Nxb4 15.Qxb4 Rb8
16.Nb6 O-O 17.Rfd1 Qc7 18.Re1 Bc8 19.Nd2 Bxb6 20.axb6 Rxb6 21.Qa5 Qb8 22.b3 d5
23.e5 Ng4 24.Ra4 f5 25.h3 Nh6 26.Qc5 Rf7 27.Rea1 Rc7 28.Qd4 Rcc6 29.f4 Nf7
30.Nf3 h6 31.Kh2 Qc7 32.Rg1 Bd7 33.Rb4 a5 34.Rxb6 Rxb6 35.g4 Rb4 36.Qe3 fxg4
37.Rxg4 Kf8 38.Qg1 g5 39.Qg3 Rxf4 40.Rxf4 gxf4 41.Qxf4 Be8 42.Kg3 Qb8 43.Qf6 Bd7
44.Bg6 Qe8 45.h4 Qe7 46.Bxf7 Qxf7 47.Qxh6+ Qg7+ 48.Qg5 a4 49.bxa4 Bxa4 50.Nd4 Qxg5+
51.hxg5 Kf7 52.Kf4 Bd7 53.Kg4 Kg7 54.c3 Kg6 55.Ne2 Kg7 56.Nf4 Bc8 57.Kh5 Bd7
58.g6  1-0

[Event "V Open"]
[Site "Lisbon POR"]
[Date "1999.11.21"]
[Round "9"]
[White "Mitkov,N"]
[Black "Dominguez,L"]
[Result "1/2-1/2"]
[WhiteElo "2509"]
[BlackElo "2506"]

1.e4 c5 2.Nc3 e6 3.Nf3 a6 4.d4 cxd4 5.Nxd4 b5 6.Bd3 Qb6 7.Nb3 Qc7 8.O-O Nf6
9.f4 d6 10.Qe1 Nbd7 11.a4 b4 12.Nd1 Rb8 13.a5 Bb7 14.Nf2 Nc5 15.Bd2 Ba8 16.Nxc5 dxc5
17.Bxa6 Bd6 18.g3 Qc6 19.Be2 c4 20.Bf3 O-O 21.Be3 e5 22.f5 Bc5 23.Qe2 Bd4
24.Bxd4 exd4 25.Kh1 Rfe8 26.b3 c3 27.e5 Qc7 28.Bxa8 Rxa8 29.Nd3 Nd5 30.a6 Qb6
31.f6 Ne3 32.Qh5 h6 33.Rf2 Rxa6 34.Re1 Qb5 35.fxg7 Rg6  1/2-1/2

[Event "Kuban 99"]
[Site "Krasnodar RUS"]
[Date "1999.11.23"]
[Round "11"]
[White "Tseshkovsky,V"]
[Black "Brodsky,M"]
[Result "1/2-1/2"]
[WhiteElo "2547"]
[BlackElo "2512"]

1.e4 c5 2.Nf3 e6 3.d4 cxd4 4.Nxd4 a6 5.Nc3 Qc7 6.Bd3 Nf6 7.f4 b5 8.Qe2 Bb7
9.e5 b4 10.exf6 bxc3 11.fxg7 Bxg7 12.Nf5 Bf8 13.O-O Rg8 14.Ng3 cxb2 15.Bxb2 Rxg3
16.hxg3 Qb6+ 17.Kh2 Qxb2 18.Rab1 Qf6 19.Rxb7 Qh6+ 20.Kg1 Bc5+ 21.Rf2 Qg7
22.Be4 Qxg3 23.Rc7 Qxf2+ 24.Qxf2 Bxf2+ 25.Kxf2 d5 26.Bxh7 Nd7 27.Bd3 Kd8
28.Rb7 Kc8 29.Rb1 Kc7 30.g4 Rh8 31.Kg3 Nc5 32.a3 Kd6 33.g5 Kc6 34.a4 Nxa4  1/2-1/2

[Event "National Chess Congress"]
[Site "Philadelphia USA"]
[Date "1999.11.27"]
[Round "2"]
[White "Shabalov,A"]
[Black "Shapiro,D"]
[Result "1-0"]
[WhiteElo "2566"]
[BlackElo "2280"]

1.e4 c5 2.Nf3 e6 3.Nc3 a6 4.d4 cxd4 5.Nxd4 Qc7 6.g3 Nf6 7.Bg2 Bc5 8.O-O Nc6
9.Nb3 Ba7 10.a4 Ne5 11.h3 h5 12.Qe2 h4 13.g4 Ng6 14.Kh1 Nf4 15.Bxf4 Qxf4
16.e5 Bb8 17.Rfe1 Nh7 18.Nc5 Qxe5 19.Qxe5 Bxe5 20.Rxe5 d6 21.Rh5 dxc5 22.Rxc5 O-O
23.Rd1 f5 24.gxf5 exf5 25.Nd5 Nf6 26.Nxf6+ gxf6 27.Rc7 Be6 28.Rd6 Rf7 29.Rxb7 Re8
30.Rbb6 Bc4 31.b3 Re1+ 32.Kh2  1-0

[Event "Eu Team Ch"]
[Site "Batumi GEO"]
[Date "1999.11.29"]
[Round "1"]
[White "Atakisi,U"]
[Black "Kacheishvili,G"]
[Result "0-1"]
[WhiteElo "2238"]
[BlackElo "2577"]

1.e4 c5 2.Nf3 e6 3.d4 cxd4 4.Nxd4 a6 5.Nc3 Qc7 6.Bd3 Nf6 7.O-O Bc5 8.Be3 d6
9.Qe2 b5 10.Nb3 Bxe3 11.Qxe3 O-O 12.Kh1 Bb7 13.f4 Nbd7 14.a3 e5 15.fxe5 dxe5
16.Rae1 Ne8 17.Qh3 Nd6 18.Re3 Rae8 19.Rg3 Re7 20.Qh4 f6 21.Nd2 Ref7 22.a4 bxa4
23.Nxa4 f5 24.Nc3 Nc5 25.Rh3 h6 26.exf5 Nxd3 27.cxd3 Nxf5 28.Qe1 Nd4 29.Rxf7 Qxf7
30.Nce4 Qa2 31.Rg3 Qxb2 32.h3 Qb4 33.Qd1 Nf5 34.Rg6 Bxe4 35.Nxe4 Ne3  0-1

[Event "Eu Team Ch"]
[Site "Batumi GEO"]
[Date "1999.11.30"]
[Round "2"]
[White "Neiksans,A"]
[Black "Bakhtadze,G"]
[Result "1-0"]
[WhiteElo "2378"]
[BlackElo "2403"]

1.e4 c5 2.Nf3 e6 3.d4 cxd4 4.Nxd4 a6 5.Nc3 Qc7 6.Bd3 Nc6 7.Be3 Nf6 8.O-O Bd6
9.Nxc6 bxc6 10.f4 e5 11.Qf3 exf4 12.Bxf4 O-O 13.Rad1 Be5 14.Bxe5 Qxe5 15.Qf4 Qc5+
16.Kh1 d6 17.Be2 Ne8 18.Rf3 Be6 19.Rfd3 a5 20.b3 Rb8 21.Bf3 Rb7 22.Qe3 Qe5
23.Qd4 Qg5 24.Qe3 Qg6 25.R3d2 Bg4 26.h3 Bxf3 27.Qxf3 Re7 28.Rd3 Re5 29.Qf4 Qe6
30.Qf3 h5 31.Kh2 Rc5 32.Qe3 Nf6 33.Qf4 Ne8 34.Re3 g6 35.Rd2 Kg7 36.Ne2 Qe5
37.Qxe5+ Rxe5 38.Nd4 Rc5 39.Rdd3 Nf6 40.Rc3 Rxc3 41.Rxc3 c5 42.Nc6 Nxe4 43.Rc4 f5
44.Ra4 h4 45.Rxa5 Re8 46.Ra7+ Kf6 47.Rd7 Ng3 48.Rxd6+ Kg5 49.Rd1 Re2 50.b4 cxb4
51.Nxb4 f4 52.Kg1 Nf5 53.Kf1 Ng3+ 54.Kg1 Nf5 55.Kf1 Re4 56.Rb1 Ng3+ 57.Kg1 Ne2+
58.Kf1 Ng3+ 59.Kg1 Nf5 60.Kf2 Rd4 61.Nd3 Rc4 62.Rb2 Ne3 63.Rb5+ Nf5 64.Rc5 Re4
65.Ne5 Kf6 66.Ng4+ Kg5 67.Kf3 Re1 68.a4 Rf1+ 69.Ke2 Ra1 70.a5 Ra3 71.c3 Ra1
72.Kf2 Ra2+ 73.Kf3 Ra4 74.Nf2 Kh6 75.Nd3 Ng7 76.Nxf4 Rxf4+ 77.Kxf4 Ne6+ 78.Ke5 Nxc5
79.Kd5 Na6 80.Kc6 Kg5 81.Kb6 Nb8 82.a6 Nxa6 83.Kxa6 Kf4 84.c4 Kg3 85.c5 Kxg2
86.c6 g5 87.c7 Kxh3 88.c8=Q+ g4 89.Qf5 Kg3 90.Qf1 Kh2 91.Qf2+ Kh3 92.Qg1 g3
93.Qh1+ Kg4 94.Qg2 h3 95.Qe4+ Kg5 96.Qf3 g2 97.Qg3+  1-0

[Event "Eu Team Ch"]
[Site "Batumi GEO"]
[Date "1999.11.30"]
[Round "2"]
[White "Upton,T"]
[Black "Zapolskis,A"]
[Result "0-1"]
[WhiteElo "2295"]
[BlackElo "2399"]

1.e4 c5 2.Nf3 e6 3.d4 cxd4 4.Nxd4 a6 5.Nc3 Qc7 6.Be2 b5 7.a3 Bb7 8.O-O Nf6
9.Bf3 d6 10.Bg5 Nbd7 11.Qd2 Be7 12.Rad1 O-O 13.Qe3 Ne5 14.Be2 Nc4 15.Bxc4 Qxc4
16.h3 Bd8 17.Rfe1 h6 18.Bh4 b4 19.axb4 Qxb4 20.Nb3 Ng4 21.Qg3 Ne5 22.Rd4 Qb6
23.Red1 Bxh4 24.Qxh4 Rfd8 25.Qh5 Rac8 26.Qe2 Qc7 27.Nd2 Nc6 28.Ra4 Ne5 29.Kh1 Qb6
30.Nb3 Nc6 31.Raa1 Nb4 32.Na5 Ba8 33.Nb3 Bb7 34.Na5 Rc5 35.Nb3 Rc7 36.Nd4 Rdc8
37.Na4 Qa7 38.c3 Nc6 39.Nb3 Rd8 40.c4 Bc8 41.c5 dxc5 42.Naxc5 Nd4 43.Nxd4 Qxc5
44.Nb3 Rxd1+ 45.Rxd1 Qe7 46.Rc1 Bb7 47.Rxc7 Qxc7 48.f3 e5 49.Qd2 Bc8 50.Qa5 Qxa5
51.Nxa5 Kf8 52.Kg1 Ke7 53.Kf2 Be6 54.Nb7 Bc4 55.g3 g5 56.Ke3 Kd7 57.b3 Kc7
58.Na5 Be6 59.h4 gxh4 60.gxh4 Kb6 61.b4 Kb5 62.Kd2 Kxb4 63.Nc6+ Kb3 64.Nxe5 a5
65.Nd3 a4 66.Nc5+ Kb4 67.Nd3+ Kc4 68.Kc2 Kd4 69.Nb2 Bb3+  0-1

[Event "Eu Team Ch"]
[Site "Batumi GEO"]
[Date "1999.11.30"]
[Round "2"]
[White "Kovalev,A"]
[Black "Ionescu,Co"]
[Result "0-1"]
[WhiteElo "2400"]
[BlackElo "2434"]

1.e4 c5 2.Nf3 e6 3.Nc3 a6 4.d4 cxd4 5.Nxd4 b5 6.Bd3 Bb7 7.O-O Nc6 8.Nxc6 Bxc6
9.Qe2 Qb8 10.a4 b4 11.Nd5 Bd6 12.Kh1 a5 13.f4 f5 14.exf5 Bxd5 15.fxe6 Nf6
16.exd7+ Kxd7 17.Bb5+ Kc7 18.c4 bxc3 19.bxc3 Re8 20.Qd2 Qa7 21.Bxe8 Rxe8
22.Ba3 Bxa3 23.Rxa3 Ne4 24.Qd4 Qxd4 25.cxd4 Nd2 26.Rc1+ Kd6 27.Rg3 g6 28.Kg1 Nb3
29.Rd1 Re4 30.f5 gxf5 31.Rh3 Re2 32.Rh6+ Ke7 33.Kf1 Rxg2 34.Re1+ Kf7 35.Re2 Nd2+
36.Ke1 Nf3+ 37.Kf1 Rg6 38.Rxh7+ Kf6 39.Rc2 f4 40.Rc5 Be4 41.Ra7 Nxh2+ 42.Ke1 Rg1+
43.Kd2 Nf3+ 44.Kc3 Rc1+ 45.Kb2 Rxc5 46.dxc5 Ne5 47.c6 Nxc6 48.Ra8 Ke5 49.Kc3 f3
50.Rf8 Bf5 51.Kd2 Kf4 52.Ke1 Ne5 53.Kf1 Ng4 54.Kg1 Kg3 55.Rxf5 f2+ 56.Kh1 Ne3
57.Rg5+ Kf4  0-1

[Event "8th Sonnevanck"]
[Site "Wijk aan Zee NED"]
[Date "1999.11.30"]
[Round "1"]
[White "Middelburg,T"]
[Black "Bosboom,M"]
[Result "0-1"]
[WhiteElo "2326"]
[BlackElo "2476"]

1.e4 c5 2.Nf3 e6 3.Nc3 a6 4.d4 cxd4 5.Nxd4 b5 6.Bd3 Qb6 7.Nb3 Bb7 8.O-O Nf6
9.e5 b4 10.Ne2 Ng4 11.Bf4 Nc6 12.Ng3 Ngxe5 13.Be2 d6 14.Nh5 Ne7 15.Be3 Qc7
16.Bd4 Nf5 17.f4 Nc6 18.Bf2 Be7 19.g4 g6 20.gxf5 gxh5 21.fxe6 Rg8+ 22.Bg3 Qb6+
23.Rf2 h4 24.exf7+ Kxf7 25.Bc4+ Kg7 26.Bxg8 Rxg8 27.Qd3 Kh8 28.Kf1 a5 29.Ke1 Ba6
30.c4 a4 31.Nd2 hxg3 32.hxg3 Qd4 33.Qe4 Qxe4+ 34.Nxe4 Bxc4 35.b3 Bd5 36.Ng5 Bxg5
37.fxg5 Rxg5 38.Rd1 axb3 39.axb3 Kg7 40.Rd3 Be4 41.Rxd6 Rxg3 42.Rf4 Rd3 43.Rxd3 Bxd3
44.Kd2 Bg6 45.Rc4 Be8 46.Ke3 Kf6 47.Kf4 Ke6 48.Rc5 Kd6 49.Rb5 Bf7 50.Rb7 Bg6
51.Kg5 Kc5 52.Rc7 Kb6 53.Rc8 Na5  0-1

[Event "Eu Team Ch"]
[Site "Batumi GEO"]
[Date "1999.12.01"]
[Round "3"]
[White "Upton,T"]
[Black "Gillen,A"]
[Result "1-0"]
[WhiteElo "2295"]
[BlackElo "2264"]

1.e4 c5 2.Nf3 e6 3.d4 cxd4 4.Nxd4 a6 5.Nc3 b5 6.Be2 Bb7 7.O-O b4 8.Na4 Bxe4
9.Re1 Nf6 10.c4 Nc6 11.c5 Ra7 12.Bg5 Be7 13.Bc4 Bg6 14.f4 Nxd4 15.Qxd4 Qa5
16.Bb3 Rc7 17.Rac1 O-O 18.g4 h6 19.Bh4 Rfc8 20.f5 Bh7 21.Bf2 Bf8 22.h4 exf5
23.gxf5 Bxf5 24.Re5 Be6 25.Nb6 Rb8 26.c6 d5 27.Nxd5 Nxd5 28.Bxd5 Rb5 29.Bxe6 Rxe5
30.Bb3 Rce7 31.Bg3 Re1+ 32.Bxe1 Rxe1+ 33.Rxe1 Bc5 34.Re8+ Kh7 35.Bc2+  1-0

[Event "Eu Team Ch"]
[Site "Batumi GEO"]
[Date "1999.12.04"]
[Round "5"]
[White "Zelcic,R"]
[Black "Ionescu,Co"]
[Result "1/2-1/2"]
[WhiteElo "2561"]
[BlackElo "2434"]

1.e4 c5 2.Nf3 e6 3.d4 cxd4 4.Nxd4 a6 5.Nc3 Qc7 6.Be2 Nf6 7.O-O Nc6 8.Kh1 Nxd4
9.Qxd4 Bc5 10.Qd3 h5 11.f4 Ng4 12.e5 d5 13.exd6 Qxd6 14.Qxd6 Bxd6 15.Ne4 Be7
16.Bf3 Bd7 17.b3 Bc6 18.Bb2 Ne3 19.Rf2 Nf5 20.Ng3 Nxg3+ 21.hxg3 Bf6 22.Bxf6 gxf6
23.Rd1 Rd8 24.Rfd2 Rxd2 25.Bxc6+ bxc6 26.Rxd2 Ke7 27.Rd4 c5 28.Ra4 Ra8 29.f5 Kd6
30.Kg1 Ke5 31.Rh4 Kxf5 32.Rxh5+ Kg4 33.Rxc5 Kxg3 34.Rc3+ Kf4 35.Kf2 Rd8 36.Rc4+ Ke5
37.Ke3 f5 38.Rc5+ Rd5 39.Rc7 f4+ 40.Kf3 f5 41.Ke2 Kf6 42.Rc6 a5 43.a3 Re5+
44.Kf2 Re3 45.a4 Ke5 46.Rc5+ Kd4 47.Rc4+ Kd5 48.Rc8 e5 49.Rd8+ Ke4 50.Rc8 Kd4
51.Rc4+ Kd5 52.Rc8 e4 53.Rc4  1/2-1/2

[Event "Eu Team Ch"]
[Site "Batumi GEO"]
[Date "1999.12.06"]
[Round "7"]
[White "Zulfugarli,M"]
[Black "Cvitan,O"]
[Result "1-0"]
[WhiteElo "2388"]
[BlackElo "2511"]

1.e4 c5 2.Nf3 e6 3.d4 cxd4 4.Nxd4 a6 5.Nc3 d6 6.Be3 b5 7.Qd2 Nf6 8.f3 Bb7
9.O-O-O Nbd7 10.g4 h6 11.h4 b4 12.Na4 Qa5 13.b3 Nc5 14.a3 Nxa4 15.axb4 Qc7
16.bxa4 d5 17.e5 Nd7 18.f4 Nb6 19.f5 Nxa4 20.fxe6 Nc3 21.exf7+ Kxf7 22.Bd3 Bxb4
23.Rdf1+ Kg8 24.Qf2 Ba3+ 25.Kd2 Bb4 26.Qf5 Re8 27.e6 Ne4+ 28.Kd1 Qg3 29.Qf7+ Kh7
30.Rf3 Qb8 31.Rf6  1-0

[Event "Eu Team Ch"]
[Site "Batumi GEO"]
[Date "1999.12.06"]
[Round "8"]
[White "Zelcic,R"]
[Black "Miezis,N"]
[Result "0-1"]
[WhiteElo "2561"]
[BlackElo "2524"]

1.e4 c5 2.Nf3 e6 3.d4 cxd4 4.Nxd4 a6 5.Nc3 Qc7 6.Be2 b5 7.O-O Bb7 8.Re1 Nc6
9.Bf1 Nf6 10.Nxc6 dxc6 11.e5 Rd8 12.Qf3 Nd5 13.Ne4 Nb4 14.Bg5 Rd7 15.Qc3 h6
16.Nd6+ Bxd6 17.exd6 Qxd6 18.Be3 Rg8 19.Bc5 Nd5 20.Qa3 Qf4 21.g3 Qf5 22.Bd3 Qh5
23.Be2 Qf5 24.Bd3 Qh5 25.Bh7 Rh8 26.Be4 Kd8 27.c4 bxc4 28.Rac1 Kc8 29.Bf3 Qf5
30.Be2 h5 31.h4 g5 32.Rxc4 Rg8 33.Ra4 gxh4 34.Rxh4 Nc7 35.Rxh5 Qc2 36.Be3 c5
37.Qxc5 Qxe2  0-1

[Event "Eu Team Ch"]
[Site "Batumi GEO"]
[Date "1999.12.07"]
[Round "9"]
[White "Krakops,M"]
[Black "Gillen,A"]
[Result "1-0"]
[WhiteElo "2530"]
[BlackElo "2264"]

1.e4 c5 2.Nf3 e6 3.Nc3 a6 4.d4 cxd4 5.Nxd4 Nc6 6.Be3 Nge7 7.Nb3 d6 8.Na4 Ng6
9.Nb6 Rb8 10.Qd2 Be7 11.O-O-O O-O 12.f4 Qc7 13.g3 Rd8 14.Bg2 Nf8 15.Qf2 Nd7
16.Kb1 Rf8 17.Rd2 f5 18.exf5 Rxf5 19.Re1 Rb5 20.Nxc8 Qxc8 21.Bh3 Nf8 22.Nd4 Nxd4
23.Bxd4 Rh5 24.Bg4 Rh6 25.f5 e5 26.Be3 Rf6 27.Bg5 Nd7 28.Bxf6 Nxf6 29.Bf3 Qc4
30.Qg2 Qb4 31.g4 Nd7 32.g5 Nc5 33.f6 Bf8 34.fxg7 Bxg7 35.Be4 Na4 36.Bd5+ Kh8
37.Bb3 Nxb2 38.c3 Qxc3 39.Rc1 Qb4 40.Rxb2 e4 41.Rbc2 Rf8 42.Rc8  1-0

[Event "Eu Team Ch"]
[Site "Batumi GEO"]
[Date "1999.12.07"]
[Round "9"]
[White "Movsesian,S"]
[Black "Agrest,E"]
[Result "1/2-1/2"]
[WhiteElo "2659"]
[BlackElo "2554"]

1.e4 c5 2.Nf3 e6 3.d4 cxd4 4.Nxd4 a6 5.Nc3 Qc7 6.Bd3 Nf6 7.O-O Bc5 8.Nb3 Be7
9.a4 b6 10.f4 Bb7 11.e5 Nd5 12.Ne4 f5 13.exf6 Nxf6 14.Nxf6+ Bxf6 15.c3 Nc6
16.Nd2 Ne7 17.a5 b5 18.Ne4 O-O 19.Be3 Nf5 20.Bb6 Qc6 21.Qe2 Bd8 22.Qf2 Bxb6
23.axb6 Ne7 24.Kh1 h6 25.Rae1 Rac8 26.b4 Ba8 27.Ra1 Nd5 28.Qg3 Qxb6 29.Nc5 Rxc5
30.bxc5 Qxc5 31.Qg6 Nf6 32.Rxa6 Bc6 33.Qg3 Nh5 34.Qg6 Nf6 35.Qg3 Nh5 36.Qg6  1/2-1/2

[Event "Eu Team Ch (women)"]
[Site "Batumi GEO"]
[Date "1999.12.07"]
[Round "9"]
[White "Calzetta,M"]
[Black "Bojkovic,N"]
[Result "1/2-1/2"]
[WhiteElo "2194"]
[BlackElo "2424"]

1.e4 c5 2.Nf3 e6 3.d4 cxd4 4.Nxd4 a6 5.Nc3 Qc7 6.Be2 b5 7.a3 Bb7 8.O-O Nf6
9.Bf3 Nc6 10.Nxc6 dxc6 11.Qe2 Bd6 12.g3 Be5 13.Bd2 Nd7 14.Nd1 c5 15.c4 Bc6
16.Re1 O-O 17.Rc1 Nb6 18.b3 bxc4 19.bxc4 Na4 20.Nc3 Nxc3 21.Bxc3 Rfd8 22.Bxe5 Qxe5
23.Rb1 h6 24.Rb6 Qc7 25.Rxc6 Qxc6 26.e5 Qa4 27.Bxa8 Rxa8 28.Qd3 Rb8 29.Qd6 Rc8
30.Qd3 Qa5 31.Rd1 Rb8 32.Qd6 Rf8 33.Qd3 Rb8 34.Qd6 Rf8 35.Qd3 Qa4 36.Rb1 Qa5
37.Rd1 Qa4 38.Rb1  1/2-1/2

[Event "ch-COL"]
[Site "Fusagasuga COL"]
[Date "1999.12.16"]
[Round "5"]
[White "Saladen,R"]
[Black "Zapata,A"]
[Result "1/2-1/2"]
[WhiteElo "2300"]
[BlackElo "2454"]

1.e4 c5 2.Nf3 e6 3.Nc3 a6 4.d4 cxd4 5.Nxd4 Qc7 6.g3 Bb4 7.Ne2 Nf6 8.Bg2 Be7
9.O-O d6 10.b3 O-O 11.Bb2 Nc6 12.Nf4 Re8 13.Qe2 b5 14.Rad1 b4 15.Nb1 a5 16.Rfe1 Ba6
17.Qd2 Ne5 18.c4 Nfd7 19.Qe2 Bb7 20.Nd2 Nc5 21.Nf3 a4 22.Nxe5 dxe5 23.Nd3 axb3
24.Bxe5 Qa5 25.Qg4 g6 26.Nxc5 Qxc5 27.Bd4 Qxc4 28.Bf1 Qc2 29.Qf4 Ra5 30.Rc1 Bg5
31.Rxc2 Bxf4 32.axb3 Bd6 33.f3 Ra3 34.Bc4 Ba6 35.Bxa6 Rxa6 36.Rd1 e5 37.Bf2 f6
38.Rc4 Rb8 39.Kf1 Kf7 40.Rc2 Rb7 41.g4  1/2-1/2

[Event "ch-COL"]
[Site "Fusagasuga COL"]
[Date "1999.12.18"]
[Round "7"]
[White "Saladen,R"]
[Black "Corradine,J"]
[Result "1-0"]
[WhiteElo "2300"]
[BlackElo "2154"]

1.e4 c5 2.Nf3 e6 3.d4 cxd4 4.Nxd4 a6 5.Nc3 Qc7 6.g4 b5 7.Bg2 Bb7 8.Qe2 Bb4
9.Bd2 Ne7 10.f4 Nbc6 11.Nxc6 Nxc6 12.Qf2 Be7 13.g5 Nb4 14.Be3 Nxc2+ 15.Qxc2 b4
16.Qb3 bxc3 17.Rc1 Bc6 18.Qxc3 O-O 19.O-O Qb7 20.Qd4 Rab8 21.Rc2 d6 22.h4 Rfc8
23.h5 Bb5 24.Rfc1 Rxc2 25.Rxc2 Bf8 26.e5 d5 27.f5 Bd7 28.g6 hxg6 29.hxg6 fxg6
30.fxg6 Be8 31.Qg4  1-0

[Event "Young Masters"]
[Site "Groningen NED"]
[Date "1999.12.23"]
[Round "5"]
[White "Jap Tjoen San,L"]
[Black "Niklasch,O"]
[Result "0-1"]
[WhiteElo "2234"]
[BlackElo "2363"]

1.e4 c5 2.Nf3 e6 3.d4 cxd4 4.Nxd4 a6 5.Nc3 Nc6 6.Be2 Nge7 7.O-O Nxd4 8.Qxd4 Nc6
9.Qe3 Qc7 10.Qg5 Qe5 11.Qxe5 Nxe5 12.Be3 b5 13.a4 b4 14.Na2 Bb7 15.f4 Nc6
16.Bb6 Rc8 17.Rad1 Nb8 18.Bd3 d5 19.Rfe1 Nd7 20.Ba5 Nf6 21.exd5 Bc5+ 22.Kh1 Ng4
23.Re2 Nf2+ 24.Rxf2 Bxf2 25.Nxb4 exd5 26.Rf1 Bh4 27.g3 Bf6 28.Re1+ Kd7 29.Bf5+ Kd6
30.Rd1 d4+ 31.Kg1 Rc5 32.Bb6 Rxf5 33.Nd3 Re8 34.g4 Bf3  0-1

[Event "Young Masters"]
[Site "Groningen NED"]
[Date "1999.12.26"]
[Round "7"]
[White "Efimenko,Z"]
[Black "Volokitin,A"]
[Result "1/2-1/2"]
[WhiteElo "2332"]
[BlackElo "2307"]

1.e4 c5 2.Nf3 e6 3.d4 cxd4 4.Nxd4 a6 5.Nc3 Nc6 6.Be2 Nge7 7.Bf4 Ng6 8.Bg3 Be7
9.a4 O-O 10.O-O d6 11.Qd2 Nxd4 12.Qxd4 e5 13.Qd3 Be6 14.Nd5 Rc8 15.c3 Bg5
16.a5 Kh8 17.Qd1 Ne7 18.Nb6 Rc5 19.Bf3 Nc8 20.Nxc8 Rxc8 21.Bg4 Qe7 22.Ra4 Rc5
23.Bxe6 fxe6 24.Qd3 Bf6 25.c4 Qc7 26.Qb3 Rc8 27.Rd1 Rxc4 28.Rxc4 Qxc4 29.Qxb7 d5
30.exd5 exd5 31.b3 Qc6 32.Qxc6 Rxc6 33.f4 exf4 34.Bxf4 d4 35.Rc1 Rxc1+ 36.Bxc1 Kg8
37.Kf2 Kf7 38.Kf3 Ke6 39.Ke4 Kd6 40.g4 Kc5 41.Bd2  1/2-1/2

[Event "Eastern Open"]
[Site "Washington DC USA"]
[Date "1999.12.26"]
[Round "2"]
[White "Weeramantry,S"]
[Black "Bengtson,M"]
[Result "1/2-1/2"]
[WhiteElo "2252"]
[BlackElo "2306"]

1.e4 c5 2.Nc3 a6 3.Nf3 e6 4.d4 cxd4 5.Nxd4 Qc7 6.Be2 b5 7.O-O Bb7 8.Bf3 Nc6
9.Nxc6 dxc6 10.Qe2 Bd6 11.g3 Nf6 12.Bg2 e5 13.Bg5 Nd7 14.Rad1 Nc5 15.Be3 Ne6
16.Bh3 Rd8 17.Bxe6 fxe6 18.Qg4 Bc8 19.Bg5 Be7 20.Rxd8+ Qxd8 21.Bxe7 Qxe7
22.Qh5+ Qf7 23.Qxe5 O-O 24.f4 Qa7+ 25.Kg2 Qe3 26.Rf2 c5 27.Re2 Qc1 28.Qxc5 Qxb2
29.f5 b4 30.Na4 Qf6 31.Qxb4 exf5 32.Qb6 Qg5 33.Qb3+ Kh8 34.Qb4 Kg8 35.Rf2 f4
36.Qc4+ Kh8 37.Qc5 f3+ 38.Rxf3 Bh3+ 39.Kxh3 Qxc5 40.Nxc5 Rxf3 41.Nxa6 Re3
42.Nc5 Rc3 43.Nd3 Rxc2 44.Kg4 Rxh2 45.a4 Ra2 46.Nc5 Rc2 47.Nd7 Rc4 48.Kf5 g6+
49.Ke5 Rxa4 50.Nc5  1/2-1/2

[Event "Boavista Masters"]
[Site "Porto POR"]
[Date "1999.12.27"]
[Round "1"]
[White "Damaso,R"]
[Black "Spraggett,K"]
[Result "1/2-1/2"]
[WhiteElo "2399"]
[BlackElo "2521"]

1.e4 c5 2.Nc3 e6 3.Nge2 a6 4.d4 cxd4 5.Nxd4 Qc7 6.Bd3 g6 7.Be3 Bg7 8.Qd2 Nf6
9.Bh6 O-O 10.Bxg7 Kxg7 11.Qg5 Nh5 12.Qe7 Qb6 13.Nb3 d6 14.O-O-O Qd8 15.Qxd8 Rxd8
16.Be2 Nf4 17.Bf1 Nc6 18.g3 Nh5 19.Bg2 Kf8 20.Rd2 Ke7 21.Re1 Rb8 22.f4 Na7
23.Bf3 Nf6 24.a4 h6 25.f5 Nc6 26.Nd4 Nxd4 27.Rxd4 Nd7  1/2-1/2

[Event "III Open"]
[Site "Cali COL"]
[Date "1999.12.29"]
[Round "7"]
[White "Sanchez,V"]
[Black "Ruiz,Al"]
[Result "1/2-1/2"]
[WhiteElo "2350"]
[BlackElo "2269"]

1.e4 c5 2.Nf3 e6 3.d4 cxd4 4.Nxd4 a6 5.Nc3 b5 6.Bd3 Qb6 7.Nb3 Qc7 8.O-O Nf6
9.f4 d6 10.Qe2 Nc6 11.Kh1 Be7 12.Bd2 O-O 13.a4 b4 14.Nd1 Bb7 15.Nf2 a5 16.Rad1 Rfe8
17.e5 Nd7 18.Ng4 Nf8 19.Rf3 Ng6 20.Rh3 Qd8 21.Rh5 dxe5 22.Nxe5 Ncxe5 23.fxe5 Rc8
24.Qg4 Qd5 25.Nd4 Red8 26.Nf3 Qc6 27.Ng5 Rxd3 28.cxd3 Qc2 29.Be3 Bxg5 30.Rxg5 Qxb2
31.h4 h6 32.h5 hxg5 33.hxg6 Qxe5 34.gxf7+ Kxf7 35.Qh5+ Kg8 36.Rf1 Rf8 37.Rxf8+ Kxf8
38.Bxg5 Qf5 39.Qh8+ Kf7 40.Qh5+ Qg6 41.Qh4 Qxd3 42.Kh2 Kg6 43.Bd8 Qf5 44.Qg3+ Kh7
45.Bc7 Qh5+ 46.Kg1 Be4 47.Bd8 Qd5 48.Qh3+ Kg8  1/2-1/2

[Event "Alushta3"]
[Site "Alushta"]
[Date "1999.??.??"]
[Round "?"]
[White "Kovchan, Alexander"]
[Black "Rogovski, Vladimir"]
[Result "1/2-1/2"]
[WhiteElo "2369"]
[BlackElo "2455"]

1.e4 c5 2.Nf3 e6 3.d4 cxd4 4.Nxd4 a6 5.Nc3 Qc7 6.Be3 Bb4 7.Qd3 Nf6 8.O-O-O Bxc3
9.bxc3 d5 10.exd5 Nxd5 11.Nf5 O-O 12.Qd4 exf5 13.Qxd5 Be6 14.Qc5 Nc6 15.g3 Rfc8
16.Bg2 Qa5 17.Qxa5 Nxa5 18.a4 Rc4 19.Bb6 Nc6 20.a5 Rxc3 21.Kb2 Rc4 22.Rd6 Rc8
23.Rhd1 Kf8 24.c3 Ke7 25.f4 Ra4 26.Rxe6+ Kxe6 27.Re1+ Re4 28.Bxe4 fxe4 29.Rxe4+ Kf5
30.Re2 f6 31.c4 h5 32.Kc3 h4 33.gxh4 Rh8 34.Rg2 g6 35.Rd2 Rh7 36.Rd6 Rf7
37.Bd4 Nxd4 38.Rxd4 Kg4 39.c5 f5 40.Kb4 Kxh4 41.c6 bxc6 42.Rd6 Rb7+ 43.Kc4 Rb5
44.Rxc6 Rxa5 45.Rxg6 Ra4+ 46.Kd5 Rxf4 47.Ke5 Rf3 48.Rxa6 Kg5 49.h4+ Kxh4
50.Rg6 f4 51.Ke4 Rg3 52.Rf6  1/2-1/2

[Event "AUT-chT 9899"]
[Site "AUT"]
[Date "1999.??.??"]
[Round "?"]
[White "Grundherr, Martin"]
[Black "Topakian, Raffi"]
[Result "1/2-1/2"]
[WhiteElo "2340"]
[BlackElo "2340"]

1.e4 c5 2.Nf3 e6 3.d4 cxd4 4.Nxd4 a6 5.Nc3 b5 6.Bd3 Qb6 7.Nb3 Qc7 8.O-O Bb7
9.Qe2 d6 10.a4 b4 11.Na2 Nf6 12.Nxb4 d5 13.Nxd5 exd5 14.exd5+ Be7 15.c4 O-O
16.Bd2 Bd6 17.f4 Re8 18.Qf3 Nbd7 19.Kh1 Nc5 20.Nxc5 Bxc5 21.b4 Bd4 22.Rae1 Qd7
23.a5 h5 24.h3 Qa4 25.Kh2 Qa2 26.Qd1 Rac8 27.Rxe8+ Rxe8 28.Re1 Rc8 29.Re7 Ba8
30.Qe2 Qa1 31.Qe1 Qa3 32.Qe2  1/2-1/2

[Event "Aviles op"]
[Site "Aviles"]
[Date "1999.??.??"]
[Round "8"]
[White "Werle, Jan"]
[Black "Toth, Andras"]
[Result "0-1"]
[WhiteElo "2205"]
[BlackElo "2301"]

1.e4 c5 2.Nc3 e6 3.Nge2 a6 4.d4 cxd4 5.Nxd4 b5 6.Bd3 Qb6 7.Nb3 Qc7 8.O-O Bb7
9.a3 d6 10.Be3 Nf6 11.f4 Nbd7 12.Kh1 Be7 13.Qe1 O-O 14.Rd1 Rfe8 15.Qg3 e5
16.fxe5 Nxe5 17.Nd4 Nfd7 18.Nf5 Bf6 19.Be2 Re6 20.Nd5 Bxd5 21.exd5 Ree8 22.c3 Kh8
23.Rf2 Nc5 24.Bxc5 Qxc5 25.Bf1 Ra7 26.Rfd2 g6 27.Nd4 Rae7 28.Be2 Bg7 29.Qh4 Nd7
30.Bf1 Nf6 31.Nb3 Qa7 32.Bd3 Re5 33.Nd4 Rxd5 34.Nf3 Re3 35.Bc2 Rxd2 36.Rxd2 Qe7
37.Rd1 Re2 38.Re1 g5 39.Qg3 Nh5 40.Qf2 Rxf2 41.Rxe7 Rxc2 42.Re8+ Bf8 43.Rxf8+ Kg7
44.Re8 g4 45.Ne1 Rxb2 46.g3 Nf6 47.Rc8 Ne4  0-1

[Event "Landesliga Nord 9899"]
[Site "Bayern"]
[Date "1999.??.??"]
[Round "?"]
[White "Grafl, Reinhard"]
[Black "Becker, Alexander"]
[Result "0-1"]
[WhiteElo "1885"]
[BlackElo "1950"]

1.e4 c5 2.Nf3 e6 3.d4 cxd4 4.Nxd4 a6 5.Nc3 Qc7 6.a3 Nc6 7.Be2 b5 8.O-O Bb7
9.Be3 Rc8 10.f4 Na5 11.e5 Nc4 12.Bxc4 Qxc4 13.f5 Nh6 14.fxe6 dxe6 15.Bxh6 gxh6
16.Qg4 Qxd4+ 17.Qxd4 Bc5 18.Qxc5 Rxc5 19.Rae1 Rg8 20.Rf2 Rg5 21.Rfe2 Rc4
22.Nd1 Bf3 23.Rd2 Bxd1 24.Rexd1 Rxe5 25.Rd8+ Ke7 26.R1d7+ Kf6 27.c3 Rf4 28.g3 Re1+
29.Kg2 Re2+ 30.Kh3 Rff2 31.Rf8 Rxh2+ 32.Kg4 h5+  0-1

[Event "Landesliga Nord 9899"]
[Site "Bayern"]
[Date "1999.??.??"]
[Round "?"]
[White "Gross, Stefan"]
[Black "Kunz, Konstantin"]
[Result "1-0"]
[WhiteElo "2390"]
[BlackElo "2180"]

1.e4 c5 2.Nf3 e6 3.d4 cxd4 4.Nxd4 a6 5.Nc3 b5 6.Bd3 Bb7 7.O-O Ne7 8.Qh5 Ng6
9.Bg5 Qc7 10.Rae1 h6 11.Bd2 Ne5 12.Bf4 g5 13.Nd5 Bxd5 14.Bxe5 Qxe5 15.Nf3 Qf6
16.exd5 Bg7 17.Ne5 Ra7 18.Nxf7 O-O 19.Ne5 exd5 20.Ng6 Rd8 21.Ne7+ Kf8 22.Nxd5 Qf7
23.Qxf7+ Kxf7 24.f4 g4 25.Re7+ Kf8 26.f5 Bxb2 27.f6 Nc6 28.Rh7 Bd4+ 29.Kh1 Ne5
30.f7 Nxd3 31.cxd3 Bg7 32.Nf4 Kxf7 33.Nh5+ Kg6 34.Rxg7+ Kxh5 35.Rf5+  1-0

[Event "Landesliga Nord 9899"]
[Site "Bayern"]
[Date "1999.??.??"]
[Round "?"]
[White "Redzepovic, Irfan"]
[Black "Becker, Alexander"]
[Result "1/2-1/2"]
[WhiteElo "2110"]
[BlackElo "1950"]

1.e4 c5 2.Nf3 e6 3.d4 cxd4 4.Nxd4 a6 5.Nc3 Qc7 6.g3 Nc6 7.Bg2 d6 8.O-O Nxd4
9.Qxd4 Ne7 10.Be3 Bd7 11.Qd2 b5 12.f4 Nc6 13.Qf2 Be7 14.Rac1 Rb8 15.Nb1 O-O
16.c4 b4 17.Rfd1 Rfd8 18.Nd2 Na5 19.Nf3 b3  1/2-1/2

[Event "Landesliga Nord 9899"]
[Site "Bayern"]
[Date "1999.??.??"]
[Round "?"]
[White "Vavra, Pavel"]
[Black "Bunk, Karsten"]
[Result "1/2-1/2"]
[WhiteElo "2385"]
[BlackElo "2105"]

1.e4 c5 2.Nf3 e6 3.d4 cxd4 4.Nxd4 a6 5.Nc3 Qc7 6.Bd3 Nc6 7.Be3 Nf6 8.O-O Bd6
9.f4 Nxd4 10.e5 Bxe5 11.fxe5 Qxe5 12.Qd2 Ng4 13.Bf4 Qc5 14.Kh1 f5 15.Na4 Qc6
16.Qb4 b5 17.Qxd4 Bb7 18.Rf3 bxa4 19.Bxf5 Nf6 20.Bd3 O-O 21.Be5 d6 22.Bxf6 Rxf6
23.Rg3  1/2-1/2